000 00731nam a2200229 i 4500
001 27533
003 ES-MaACL
005 20230906153635.0
007 t|
008 030114s1971 sp ||||1| spa d
100 1 _aAuboyer, Jeanninne.
_923817
245 1 0 _aAngkor /
_cJeanninne Auboyer ; [Fotos Dominique Darbois ; Selección y secuencia Joan Prats Vallés].
260 _aBarcelona :
_bPoligrafa,
_c[1971]
300 _a78 p., 128 lám. ;
_c21 cm.
490 1 _aFotoscop
500 _aEdición en español, inglés, francés y alemán.
700 1 _aDarbois, Dominique.
_942687
700 1 _aPrats Vallès, Joan.
_993709
830 0 _aFotoscop
_9181542
852 _aES-MaACL
_jC-41144
_bR.79764
999 _c27533
_d27533